00462nam a22001457a 4500020001800000082001700018100001700035245004900052260003200101300000800133650001300141942000700154952013800161999001700299 a9780141027807 a303.6012 SEN aSen, Amartya aIdentity & Violence: The Illusion of Destiny aLondonbPenguin Booksc2006 a215 aviolence cBK 001040708NFICaHMIbHMIcGENd2020-09-15eDasgupta Publishers, Kolkatag499.00l0o303.6012 SENp25794r2020-09-25w2020-09-25yBK c23105d23105